| 000 | 00722nam a2200241 a 4500 | ||
|---|---|---|---|
| 008 | |||
| 020 | _a0201509938 (pbk.) | ||
| 049 | _aMAIN | ||
| 090 | _aQA76.73.M63 | ||
| 100 | 1 | _aHopper, Keith | |
| 245 | 1 | 0 |
_aThe magic of modula-2 / _cKeith Hopper, Geoffrey Holmes, William Rogers. |
| 260 |
_aSydney, Australia : _bAddison-Wesley, _c1991. |
||
| 300 |
_axi, 529 p. : _bill.. ; _c26 cm. |
||
| 500 | _aIncludes index. | ||
| 650 | 1 | _aModula-2 (Computer program language). | |
| 700 | _aRogers, William | ||
| 700 | _aHolmes, Geoffrey | ||
| 907 |
_a.b10089640 _b26-09-03 _c24-09-03 |
||
| 003 | |||
| 005 | 20230123133427.0 | ||
| 040 | _cNUST | ||
| 942 |
_cBOOKS _kQA76.73.M63 |
||
| 999 |
_c148390 _d148390 |
||